Biblioteca y Centro de Documentación

Vista normal Vista MARC

Entrada Nombre personal

Número de registros utilizados en: 3

001 - NÚMERO DE CONTROL

  • Campo de control: 14265

003 - IDENTIFICADOR DE NÚMERO DE CONTROL

  • Campo de control: ES-MaCES

005 - FECHA Y HORA DE LA ULTIMA MODIFICACION

  • Campo de control: 20150910122200.0

008 - ELEMENTOS DE DATOS DE LONGITUD FIJA

  • Campo de longitud fija: 090826 | azznnaabn |n aaa d

035 ## - NÚMERO DE CONTROL DEL SISTEMA

  • Número de control del sistema: CES20090005869n

040 ## - FUENTE DE LA CATALOGACIÓN

  • Agencia original de catalogación: ES-MaCES
  • Idioma de catalogación: spa
  • Agencia de transcripción: ES-MaCES

100 1# - ENCABEZAMIENTO--NOMBRE DE PERSONA

  • Nombre personal: Guillén Rodríguez, Ana Marta

400 1# - TRAZADO VEÁSE--NOMBRE DE PERSONA

  • Nombre personal: Guillén Rodríguez, Ana M.

670 ## - FUENTE DE DATOS ENCONTRADOS

  • Fuente de citación: Dialnet

901 ## - CES. DATOS SIRTEX

  • ID Sirtex (N5N8): 0001500020592
  • 005BIS Sirtex: 200908261002AMACIAS
© CES, Consejo Económico y Social de España 2021